| 000 | 00689nam a22002177a 4500 | ||
|---|---|---|---|
| 005 | 20250908103039.0 | ||
| 008 | 250908b |||||||| |||| 00| 0 eng d | ||
| 037 | _cTB | ||
| 040 |
_aCRL _cCRL |
||
| 041 |
_2SIN _aSIN |
||
| 084 |
_aO1593,3:g R1 _bCRL |
||
| 100 |
_aKhilani, Lakhmi _9820118 |
||
| 245 | _aPaataraan pahee meriyal motee beshumaar | ||
| 260 |
_aAdipur, India: _bIndian institute of sindhology, _c2021. |
||
| 300 | _a170+16p. | ||
| 365 |
_b400.00 _cINR |
||
| 650 |
_aSindhi Literature _9820119 |
||
| 650 |
_aSindhi Fiction _9820120 |
||
| 942 |
_2CC _cTB _hO1593,3:g R1 _n0 |
||
| 999 |
_c1435195 _d1435195 |
||